Plant cell biology (Record no. 395012)

MARC details
000 -LEADER
fixed length control field 00496 a2200205 4500
005 - DATE & TIME
control field 20260210101720.0
008 - FIXED-LENGTH DATA ELEMENTS--GENERAL INFORMATION
fixed length control field 260209b |||||||| |||| 00| 0 eng d
020 ## - ISBN
International Standard Book Number 9780443214691
Price $ 105.00
040 ## - CATALOGING SOURCE
Original cataloging agency VIVEKANANDA LIBRARY
082 ## - DDC NUMBER
Classification number 581.8
Book Number W367P(3)
100 ## - MAIN ENTRY--PERSONAL NAME
Personal name Wayne, Randy
245 ## - TITLE STATEMENT
Title Plant cell biology
250 ## - EDITION STATEMENT
Edition statement 3rd
260 ## - PUBLICATION, DISTRIBUTION, ETC. (IMPRINT)
Name of publisher, distributor, etc Academic Press
Date of publication, distribution, etc 2026
Place of publication, distribution, etc London
300 ## - PHYSICAL DESCRIPTION
Pages xxvii, 1054
650 ## - Subject
Subject Botany
650 ## - Subject
Subject Plants Physiology
650 ## - Subject
Subject Cell Biology
942 ## - ADDED ENTRY ELEMENTS (KOHA)
Koha item type Books
Holdings
Withdrawn status Lost status Source of classification or shelving scheme Damaged status Not for loan Location (home branch) Sublocation or collection (holding branch) Shelving location Date acquired Koha issues (times borrowed) Koha full call number Accession No. Koha date last seen Koha item type
    Dewey Decimal Classification     VIVEKANANDA LIBRARY VIVEKANANDA LIBRARY Vivekananda Library 27/01/2026   581.8 W367P(3) 444354 27/01/2026 Books
© Designed and Maintained by Vivekananda Library, MDU Rohtak